【プロ野球】 阪神タイガース 旧応援歌 - Statistics

General Stats
  • This quiz has been taken 71 times
  • The average score is 28 of 48
Answer Stats
応援歌 選手名 % Correct
ラララ Let's Go 〇〇 ラララ Let's Go 〇〇Go to ビクトリー 〇〇 〇〇 豪打炸裂 飛ばせ〇〇 勝利導け Go to ビクトリー ノイジー
87%
夢乗せてはばたけよ 鋭いスイング魅せてくれさあ君がヒーローだ 〇〇〇〇 鳥谷敬
83%
ラララ⋯ 打球は一直線 スタンド突き刺さる ホームラン〇〇 ララララーラーラー ミエセス
81%
鍛えたその身体 あふれる気迫 さぁここまでぶち込め ライトスタンドへ 金本知憲
77%
輝く栄冠 突き進めこの道 鋭いまなざし 猛虎の魂 力の限り 戦え〇〇 糸井嘉男
75%
光輝く 栄光目指し夢を乗せてやって来た Let's Go 〇〇 マートン
75%
一振りにかける 男〇〇 熱きその想い スタンドへ 新井貴浩
75%
この一打にかけろ 気合で振り抜けよ誰もおまえを止められぬ 〇〇よ突っ走れ 桧山進次郎
75%
スタンドの夢乗せて ドミニカパワー炸裂こだまする歓声 レッツゴー 〇〇 女神が微笑む 渡来の勇者 歓喜の刻告げる 〇〇 ホームラン ロサリオ
72%
行け!猛虎戦士 〇〇! 誰しもの この夢のため  戦え〇〇 お前の使命 大和
72%
打てよ〇〇 勝利のアーチスタンド突き刺す ホームラン ゴメス
70%
行くぞ白球乗せて 切り拓け魅せろ〇〇熱き 猛虎魂 高山俊
68%
シャープな打球 グランド突き抜けろ走れレッドスター Let's Go 〇〇 チャンス切り開け 赤星憲広
68%
Oh! Oh!〇〇 〇〇〇〇猛虎の嵐よ今こそ 吹き荒れろ 上本博紀
66%
鉄の左腕が 唸りを上げる 任せたぞ この勝負 今こそ決めろ 能見篤史
66%
新たな時代を 切り拓け 嵐を呼べ 輝く男 気迫の一打 打て〇〇 西岡剛
66%
スタンド奮わす 気迫の一撃 行け!〇〇〇〇 お前の出番だ 新井良太
64%
勝負をつけろ 今こそ 頼むぞ〇〇みなぎる力 燃えたぎらす 根性魂 関本賢太郎
64%
ホームラン 〇〇 レッツゴー レッツゴー レッツゴーホームラン 〇〇 レッツゴー ホームラン 〇〇 閃光 見せろ 狙え場外 グレイトパワー 〇〇 フルスイング ブラゼル
64%
迫る速球に 魂で応えろ打球をはるか彼方へ 飛ばせ〇〇 江越大賀
62%
それ行け今こそ 炎の一打をウェイツゥ ウェイツゥ 勝利を目指して 林威助
60%
燃える闘志を バットに込めて打てよ〇〇 炎のアーチ 城島健司
60%
PL 青学 東芝 〇〇 一発ぶち抜け 嵐を呼んで 今だ〇〇 そこだ〇〇 ここだ〇〇 〇〇 坪井智哉
60%
この道の先には 虎の希望がある今こそ進めよ 燃えろ〇〇 北條史也
58%
天空の彼方に 舞う球は 勝利告ぐ桜 乱れ咲き 桜井広大
58%
今胸に秘めた 〇〇の闘志を 大空に向かって炎と燃やせ 虎になれ 今岡誠
58%
湧き立つ大地に 輝る男 猛虎の要〇〇 狙い打ち 矢野燿大
55%
ラーラララー⋯ 天高く 打ち込め〇〇 いざ大空に アーチ描け 中谷将大
53%
日々の努力を積み重ね 今迎えるこの舞台歓喜呼び込むその姿 〇〇の独壇場 伊藤隼太
53%
不死鳥が舞降りたら この勝負征す時 〇〇 〇〇 俺たちを導け 濱中おさむ
53%
打て飛ばせ〇〇 力強い一打レフトへライトへ ホームラン〇〇 サンズ
51%
白球捕らえて 突撃だ〇〇期待応える ガッツで挑め 平野恵一
51%
力の限り 魅せろよ〇〇打てよ遥か遠く Let's Go Let's Go 〇〇 マルテ
49%
俊足巧打の 走る稲妻 さあ行け〇〇 今駆け抜けろ 俊介
49%
無限のパワーで さあ!撃ち砕け! みなぎる闘志と 鋼の魂 猛虎の雄叫び 上げろ〇〇 今成亮太
47%
河内の男が吼える時 〇〇が決める時迫力のドヤ顔は 男前 藤井彰人
47%
それ行けGo〇〇 燃える男それ行けGo〇〇 根性見せろ 新庄剛志
45%
強肩猛打の 期待の男輝く星目指し 羽ばたけ〇〇 浅井良
43%
グランドを裂く 一打の美学〇〇〇〇 男意気 葛城育郎
43%
男なら命かけて ボールに喰らいつけ行けよ行けよ〇〇〇〇 お前の出番だぜ 和田豊
43%
豪快なパワーで 魅せろ〇〇飛ばせ遥か遠く 勝利のために ボーア
42%
いざ行かんや 萌え立つ大地にさぁ〇〇〇〇が 勝利をめざして 八木裕
42%
打て巧みな技で 見せろ不屈の闘志立ち向かえ強く 〇〇〇〇 山本泰寛
40%
スタンド目指し描く 放物線逆風切り裂くパワー 行くぞ勝利へ 陽川尚将
40%
運命を背に受けて 決めろよ「かっとばせ」 夢こえて飛び出せ 〇〇 ナンバーナイン 藤本敦士
40%
打てよ豪快に 勝利の一撃を〇〇〇〇 フルパワーで飛ばせ ロハスJr
40%
打てこの一瞬に 狙いを定め振り抜け〇〇 飛ばせ!飛ばせ!飛ばせ! 狩野恵輔
38%
グラウンド 切り裂いて飛ばせ唸る一撃! 〇〇〇〇 坂克彦
30%
No matching quizzes found
Score Distribution
Percent of People with Each Score
Percentile by Number Answered
Your Score History
You have not taken this quiz